00482nam a22001577a 450000500170000001000150001702000270003203500140005903700130007308200140008610000200010024500480012026000560016827000730022430000270029720171017144145.0 aENG-121016 c1050.00a9789350233887 aEN-104548 bDBAD/PUB a647.94068 aShirke, Gajanan aHospitality management /cby Gajanan Shirke aNavi MumbaibShroff Publishers & Distributorsc2011 aC-103, T.T.C. Industrial Area, M.I.D.C., PawanebNavi Mumbaie400705 axviii,447p.c23cm(pbk)